000
00324nam a2200133Ia 4500
008
230312s9999||||xx |||||||||||||| ||und||
020
_a
969-503-352-0
082
_a
355.7095491
_b
NAD-F
100
_a
Nadiem;Ihsan.H Nadiem, Ihsan H.
245
0
_a
Forts of Pakistan
260
_c
2004
650
_a
Architecture
942
_c
BK
999
_c
14458
_d
14458